Responses for show #4987 - Tuesday, April 25, 2006

Doug Dorst game 4.

Contestants

Gigi Gilman, a homemaker and attorney from Seattle, Washington

Theo Caldwell, an investment adviser from Toronto, Ontario, Canada

Doug Dorst, a writer and professor from Austin, Texas (whose 3-day cash winnings total $66,802)

Jeopardy! Round responses

18th CENTURY AMERICA
NFL COACHES
LEGENDARY LEGENDS
WHAT KIND OF FOWL AM I?
COLOGNE RANGER
TAUNT "O"
    $200 11
John Adams

Gigi
    $200 1
(Theo: Who are the Miami Dolphins?)

the Buffalo Bills

DougTheo
    $200 12
his head

Theo
    $200 21
a goose

Doug
    $200 26
an Autobahn

Gigi
    $200 6
an orphan

Theo
    $400 17
The Farmers' Almanac

Theo
    $400 2
the Miami Dolphins

Doug
    $400 13
the Kon-Tiki

Theo
    $400 22
a chicken

Doug
    $400 27
Lufthansa

Theo
    $400 7
optimism

Doug
    $600 18
(Alex: Right, in his farewell address.)

George Washington

Theo
    $600 3
Bill Cowher

Doug
    $600 14
the Black Irish

Triple Stumper
    $600 23
(Theo: What's a swan?)

a pheasant

TheoGigi
    $600 28
Gothic

Theo
    $600 8
an orangutan

Theo
    $800 19
the Battle of Trenton

Theo
    $800 4
Art Shell

Doug
    $800 15
El Dorado

Gigi
    $800 24
a hawk

Doug
    $1,600 29
the Rhine

Theo
    $800 9
an octopus

Doug
    $1000 20
the Federalist Papers

Doug
    $1000 5
(Theo: Who is Don Shula?)
...
(Alex: Yes, the Dallas Cowboys' head coach.)

Tom Landry

DougTheo
    $1000 16
Philadelphia

Theo
    $1000 25
a grouse

Triple Stumper
    $1000 30
(Theo: Who is, uh... uh... Hindenburg?)

Konrad Adenauer

Theo
Triple Stumper
    $1000 10
an oscilloscope

Triple Stumper

Scores at the first commercial break (after clue 16):

Doug Theo Gigi
$4,200 $1,200 $1,000

Scores at the end of the Jeopardy! Round:

Doug Theo Gigi
$6,600 $4,000 $1,800

Double Jeopardy! Round responses

THE ROMANOV DYNASTY
TONY WINNERS OF THE '50s
LITERARY SISTERS
DANCE IN THE DICTIONARY
THE BODY WOMAN
VERBS
    $400 11
Ivan the Terrible

Doug
    $400 26
Peter Pan

Gigi
    $400 21
The Glass Menagerie

Gigi
    $400 16
tap

Theo
    $400 1
an Adam's apple

Gigi
    $400 6
enumerate

Triple Stumper
    $800 12
Peter the Great

Theo
    $800 27
(Theo: What is Sweeney Todd?)

South Pacific

Theo
Triple Stumper
    $800 22
Melanie

Gigi
    $800 17
clog

Doug
    $800 2
the ovaries

Gigi
    $800 7
sprint

Triple Stumper
    $1200 13
Catherine the Great

Doug
    $200 28
(Gigi: Who's Cinderella?)

The King and I

Gigi
    $1200 23
the Marches

Gigi
    $1200 18
waltz

Theo
    $1200 3
the uterus

Gigi
    $1200 8
plump

Gigi
    $1600 14
the 19th century

Theo
    $1600 29
Shirley Booth

Triple Stumper
    $3,000 24
(Gigi: [Shakes head] Oh, gosh.)
(Alex: Pick one.)

"The Fall of the House of Usher"

Gigi
    $1600 19
jig

Doug
    $1600 4
cheekbones

Gigi
    $1600 9
Lynch

Theo
    $2000 15
Alexis

Doug
    $2000 30
(Alex: And this lovely dancer was [*].)

Gwen Verdon

Triple Stumper
    $2000 25
(Doug: Who's Esme?)

Phoebe

Doug
Triple Stumper
    $2000 20
a cakewalk

Triple Stumper
    $2000 5
amniotic fluid

Theo
    $2000 10
Scotch

Doug

Scores at the end of the Double Jeopardy! Round:

Doug Theo Gigi
$12,600 $10,800 $6,600

[wagering suggestions for these scores]

Final Jeopardy! Round responses

MOVIE DIRECTORS
(Alex: Who is this famous director? His father was Walter; his daughter was Anjelica.)
[ZergCam]
(Gigi: I can't believe it! Thank you. I can't believe it!)
GigiWho is John Huston
$6,400
TheoWho is Francis Ford Coppola?
$3,000
DougWho is Peter Fonda?
$9,001
John Huston

Final scores:

Doug Theo Gigi
$3,599 $7,800 $13,000
3rd place: $1,000 2nd place: $2,000 New champion: $13,000

Game dynamics:

Coryat scores:

Doug Theo Gigi
$12,600 $10,000 $9,800
17 R,
1 W
17 R
(including 1 DD),
5 W
13 R,
2 W
(including 2 DDs)

Combined Coryat: $32,400

The J! Archive is created by fans, for fans. The Jeopardy! game show and all elements thereof, including but not limited to copyright and trademark thereto, are the property of Jeopardy Productions, Inc. and are protected under law. This website is not affiliated with, sponsored by, or operated by Jeopardy Productions, Inc. Join the discussion at JBoard.tv.